Systém environmentálneho manažérstva ako významný faktor budúcnosti podnikov

Získavanie konkurenčných výhod podnikov prostredníctvom systému environmentálneho manažérstva (SEM). Environmentálny štandard. Základné požiadavky SEM podľa normy STN ISO 14001. Výhody zavedenia SEM. Ekonomické aspekty budovania SEM. Prehľa najvýznamnejších prínosov zavedených SEM v jednotlivých obl...

Full description

Saved in:
Bibliographic Details
Main Author: Chebeňová, Dagmar
Other Authors: Kvasnica, Marián
Format: Book Chapter
Language:Slovak
Subjects:
Tags: Add Tag
No Tags, Be the first to tag this record!

MARC

LEADER 00000naa a2200000 4500
001 r044784
005 20231002121530.2
041 0 |a slo 
044 |a SK 
245 1 0 |a Systém environmentálneho manažérstva ako významný faktor budúcnosti podnikov  |c Dagmar Chebeňová, Marián Kvasnica 
520 |a Získavanie konkurenčných výhod podnikov prostredníctvom systému environmentálneho manažérstva (SEM). Environmentálny štandard. Základné požiadavky SEM podľa normy STN ISO 14001. Výhody zavedenia SEM. Ekonomické aspekty budovania SEM. Prehľa najvýznamnejších prínosov zavedených SEM v jednotlivých oblastiach aktivít podniku. 
610 2 0 |a environmentalistika 
610 2 0 |a podnik 
610 2 0 |a prostredie životné 
610 2 0 |a systémy kvality 
610 2 0 |a inžinierstvo environmentálne 
610 2 0 |a výroba ekologická 
610 2 0 |a ochrana prostredia životného 
610 2 0 |a výhody konkurenčné 
100 1 |a Chebeňová, Dagmar 
700 1 |a Kvasnica, Marián